LEADER 00899nam0-2200325---450- 001 990010091560403321 005 20160718115937.0 010 $a8811738490 035 $a001009156 035 $aFED01001009156 035 $a(Aleph)001009156FED01 035 $a001009156 100 $a20160718d1995----km-y0itay50------ba 101 0 $aita 102 $aIT 105 $ay-------001yy 200 1 $a<>venditore$estoria di Silvio Berlusconi e della Fininvest$fGiuseppe Fiori 205 $a2. ed. 210 $a[Milano]$cGarzanti$d1995 215 $a217 p.$d21 cm 225 1 $aMemorie, documenti, biografie 610 0 $aBerlusconi, Silvio 676 $a338.644092$v20$zita 700 1$aFiori,$bGiuseppe$f<1923-2003> 801 0$aIT$bUNINA$gRICA$2UNIMARC 901 $aBK 912 $a990010091560403321 952 $a338 FIO 1$bdisc. stor. 7170$fFLFBC 959 $aFLFBC 997 $aUNINA LEADER 01459nam--2200433---450- 001 990000442990203316 005 20051024084736.0 010 $a88-221-0276-2 035 $a0044299 035 $aUSA010044299 035 $a(ALEPH)000044299USA01 035 $a0044299 100 $a20010514h19861994km-y0itay0103----ba 101 $aita 102 $aITA 105 $a||||||||001yy 200 1 $a<> matematica$edella scuola dell'infanzia alla scuola elementare$edai giochi protomatematici alla metematica del primo ciclo$fMaria Luisa Caldelli, Bruno D'Amore 210 $aScandicci$cLa nuova Italia$d1986$h1994 215 $aVIII, 112 p.$cill.$d21 cm 225 2 $aDidattica viva$v102 410 $12001$aDidattica viva$v102 461 1$1001-------$12001 606 0 $aMatematica$xInsegnamento$yScuola elamentare 676 $a372.73044 700 1$aCALDELLI,$bMaria Luisa$0155585 701 1$aD'AMORE,$bBruno$f<1946- > $046064 801 0$aIT$bsalbc$gISBD 912 $a990000442990203316 951 $aII.4. Coll.38/ 78(VI ps C COLL 9/102)$b146105 LM$cVI ps C COLL 9 959 $aBK 969 $aUMA 979 $aPATTY$b90$c20010514$lUSA01$h1036 979 $c20020403$lUSA01$h1652 979 $aPATRY$b90$c20040406$lUSA01$h1631 979 $aPAOLA$b90$c20041102$lUSA01$h1137 979 $aCOPAT5$b90$c20051024$lUSA01$h0847 979 $aANNAMARIA$b90$c20120105$lUSA01$h0954 996 $aMatematica$9890343 997 $aUNISA